Geography Quiz

Random Geography or World Quiz

Ultimate Border Challenge: 'B' Quiz Stats

 Plays Quiz Updated Feb 13, 2019

Score 0/56 Timer 05:00
1 Play Today
% Correct
Argentina
95.7%
Argentina
95.7%
India
95.7%
India
95.7%
France
95.5%
France
95.5%
Germany
94.5%
Russia
92.5%
Chile
92%
Paraguay
92%
Paraguay
92%
Peru
91.7%
Peru
91.7%
Netherlands
91.2%
Uruguay
90.4%
Colombia
88.2%
Ukraine
86.6%
Venezuela
86.1%
China
85.9%
Brazil
84.7%
Luxembourg
84.4%
Serbia
83.8%
Serbia
83.7%
South Africa
83.7%
Romania
83%
Poland
82.8%
Croatia
82.5%
Suriname
82.2%
% Correct
Bolivia
82.2%
Guyana
81.5%
Mexico
81%
Lithuania
79.4%
Guatemala
78.5%
Latvia
77.9%
Niger
77.8%
Niger
77.8%
Nigeria
75.6%
Zimbabwe
74.1%
Myanmar
73.9%
Togo
73.4%
Togo
73.4%
Montenegro
72.8%
Greece
71.8%
Zambia
69.8%
Malaysia
68.9%
Namibia
68.8%
Turkey
68.3%
North Macedonia
67.9%
Ghana
67.8%
Rwanda
67.8%
Mali
66.7%
Dem. Rep. Congo
64.9%
Côte d'Ivoire
62.7%
Burkina Faso
61.9%
Tanzania
61.4%
Benin
56.3%

You're not logged in!

Compare scores with friends on all Sporcle quizzes.
OR
Log In

Sporcle TV

Today on Sporcle TV


Watch our educational content, quiz creation guides, and fun videos on Sporcle TV.

Show Comments

Extras

Top Quizzes Today


Score Distribution

Your Account Isn't Verified!

In order to create a playlist on Sporcle, you need to verify the email address you used during registration. Go to your Sporcle Settings to finish the process.

Report this User

Report this user for behavior that violates our Community Guidelines.

Details: